Champions League Final Host Cities - Statistics

General Stats
  • This quiz has been taken 310 times
    72 since last reset
  • The average score is 66 of 72
Answer Stats
Year Country City % Correct
2005 Turkey Istanbul
100%
2023 Turkey Istanbul
100%
1967 Portugal Lisbon
100%
2014 Portugal Lisbon
100%
2020 Portugal Lisbon
100%
1963 England London
100%
1968 England London
100%
1971 England London
100%
1978 England London
100%
1992 England London
100%
2011 England London
100%
2013 England London
100%
2024 England London
100%
1957 Spain Madrid
100%
1969 Spain Madrid
100%
1980 Spain Madrid
100%
2010 Spain Madrid
100%
2019 Spain Madrid
100%
2027 Spain Madrid
100%
1956 France Paris
100%
1975 France Paris
100%
1981 France Paris
100%
1977 Italy Rome
100%
1984 Italy Rome
100%
1996 Italy Rome
100%
2009 Italy Rome
100%
1960 Scotland Glasgow
98%
1976 Scotland Glasgow
98%
2002 Scotland Glasgow
98%
1979 West Germany Munich
98%
1993 Germany Munich
98%
1997 Germany Munich
98%
2012 Germany Munich
98%
2025 Germany Munich
98%
1983 Greece Athens
97%
1994 Greece Athens
97%
2007 Greece Athens
97%
1989 Spain Barcelona
97%
1999 Spain Barcelona
97%
1958 Belgium Brussels
97%
1966 Belgium Brussels
97%
1974 Belgium Brussels
97%
1985 Belgium Brussels
97%
2018 Ukraine Kyiv
97%
1965 Italy Milan
97%
1970 Italy Milan
97%
2001 Italy Milan
97%
2016 Italy Milan
97%
2008 Russia Moscow
97%
1964 Austria Vienna
97%
1987 Austria Vienna
97%
1990 Austria Vienna
97%
1995 Austria Vienna
97%
1962 Netherlands Amsterdam
95%
1997 Netherlands Amsterdam
95%
2015 Germany Berlin
95%
2017 Wales Cardiff
95%
2003 England Manchester
93%
2021 Portugal Porto
93%
2026 Hungary Budapest
92%
1961 Switzerland Bern
88%
1972 Netherlands Rotterdam
83%
1982 Netherlands Rotterdam
83%
1973 Yugoslavia Belgrade
76%
1986 Spain Seville
71%
1959 West Germany Stuttgart
61%
1988 West Germany Stuttgart
61%
2004 Germany Gelsenkirchen
54%
2000 France Saint-Denis
49%
2006 France Saint-Denis
49%
2022 France Saint-Denis
49%
1991 Italy Bari
44%
No matching quizzes found
Score Distribution
Percent of People with Each Score
Percentile by Number Answered
Your Score History
You have not taken this quiz since the last reset